| 000 | 00786nam a2200253 u 4500 | ||
|---|---|---|---|
| 001 | 67082 | ||
| 005 | 20200803142819.0 | ||
| 008 | 170330s2016 nyua r 000 0 eng d | ||
| 020 | _a9780190603809 | ||
| 040 | _erda | ||
| 041 | 0 | _aeng | |
| 082 | 0 |
_a170.44 _bBIS |
|
| 100 | 1 |
_aBishop, Michael A., _eautor _94026 |
|
| 245 | 1 | 4 |
_aThe good life : _bunifying the philosophy and psychology of well-being / _cMichael A. Bishop. |
| 250 | _a[First edition] | ||
| 264 | 1 |
_aNew York, NY : _bOxford University Press, _c2016 |
|
| 300 |
_axi, 235 páginas ; _c21 cm. |
||
| 336 |
_atexto _2rdacontent _btxt |
||
| 337 |
_asin medio _2rdamedia _bn |
||
| 338 |
_avolumen _2rdacarrier _bnc |
||
| 650 | 4 | _aBienestar | |
| 650 | 4 | _aPsicologĂa positiva | |
| 999 |
_c67082 _d67082 |
||
| 942 |
_h170.44 _iBIS _cLI |
||